LEADER 01018nam0-22003011i-450- 001 990001819630403321 005 20021010 035 $a000181963 035 $aFED01000181963 035 $a(Aleph)000181963FED01 035 $a000181963 100 $a20021010d--------km-y0itay50------ba 101 0 $aita 200 1 $aNotizie sulla origine e le vicende del Museo Zoologico della R. Universita di Napoli$fFrancesco Saverio Monticelli. 210 $aNapoli$c...$d1901. 215 $a46 p.$d27 cm 300 $aEstr. da: Annuario del Museo Zoologico della R. Universita di Napoli, n.s., 1(1901), n.2. 610 0 $aZoologia - musei 676 $a590.742 700 1$aMonticelli,$bFrancesco Saverio$f<1863-1927>$070824 801 0$aIT$bUNINA$gRICA$2UNIMARC 901 $aBK 912 $a990001819630403321 952 $a60 DONO COMES 17/17$b36717$fFAGBC 959 $aFAGBC 996 $aNotizie sulla origine e le vicende del Museo Zoologico della R. Universita di Napoli$9412690 997 $aUNINA DB $aING01 LEADER 02997nam 2200745 a 450 001 9910799947503321 005 20230120032622.0 010 $a1-315-59537-0 010 $a1-317-09622-3 010 $a1-317-09621-5 010 $a1-281-54518-X 010 $a9786611545185 010 $a0-7546-9305-8 035 $a(CKB)1000000000556020 035 $a(EBL)438721 035 $a(OCoLC)433032908 035 $a(SSID)ssj0000202892 035 $a(PQKBManifestationID)11156616 035 $a(PQKBTitleCode)TC0000202892 035 $a(PQKBWorkID)10254900 035 $a(PQKB)10385460 035 $a(Au-PeEL)EBL438721 035 $a(CaPaEBR)ebr10234638 035 $a(CaONFJC)MIL941602 035 $a(Au-PeEL)EBL5293428 035 $a(CaONFJC)MIL154518 035 $a(OCoLC)1027171098 035 $a(MiAaPQ)EBC438721 035 $a(MiAaPQ)EBC5293428 035 $a(EXLCZ)991000000000556020 100 $a20070810d2007 uy 0 101 0 $aeng 135 $aur|n|---||||| 181 $ctxt 182 $cc 183 $acr 200 10$aMi'kmaq landscapes$b[electronic resource] $efrom animism to sacred ecology /$fAnne-Christine Hornborg 210 $aAldershot, Hants, England ;$aBurlington, Vt. $cAshgate$dc2007 215 $a1 online resource (215 p.) 225 1 $aVitality of indigenous religions 300 $aDescription based upon print version of record. 311 $a0-7546-6371-X 320 $aIncludes bibliographical references and index. 327 $aCover; Contents; List of Figures, Tables and Maps; Acknowledgements; 1 Introduction; 2 On the Phenomenological Foundation of Indian Romanticism; 3 'Till They Saw Him No More' (1850-1930); 4 Interlude (1930-1970); 5 The Return of Kluskap (1970-2000); Bibliography; Index 330 $aThis book seeks to explore historical changes in the lifeworld of the Mi'kmaq Indians of Eastern Canada. The Mi'kmaq culture hero Kluskap serves as a key persona in discussing issues such as traditions, changing conceptions of land, and human-environmental relations. This study discusses the eco-cosmology that has been formulated by modern reserve inhabitants and that could be labeled a 'sacred ecology'. 410 0$aVitality of indigenous religions. 606 $aMi'kmaq peoples$xGovernment relations 606 $aMi'kmaq peoples$xReligion 606 $aMi'kmaq peoples$xHistory 606 $aIndigenous peoples$xEcology$zMaritime Provinces 607 $aMaritime Provinces$xEnvironmental conditions 607 $aMaritime Provinces$xHistory 615 0$aMi'kmaq peoples$xGovernment relations. 615 0$aMi'kmaq peoples$xReligion. 615 0$aMi'kmaq peoples$xHistory. 615 0$aIndigenous peoples$xEcology 676 $a971.5 700 $aHornborg$b Anne-Christine$01587609 801 0$bMiAaPQ 801 1$bMiAaPQ 801 2$bMiAaPQ 906 $aBOOK 912 $a9910799947503321 996 $aMi'kmaq landscapes$93875757 997 $aUNINA